| 000 | 006150000a22001690004500 | ||
|---|---|---|---|
| 041 | 0 | _aSPA | |
| 082 | 0 | 4 | _aG 392.3602 G9847f |
| 100 | 1 | _aGutiérrez de Pineda, Virginia | |
| 245 | 1 | 0 | _aFamilia y cultura en Colombia : Tipologías, funciones y dinámica en la familia, Manifestaciones múltiples a través del mosaico cultural y sus estructuras sociales / Virginia Gutiérrez de Pineda |
| 260 | _aColombia : Universidad Nacional de Colombia | ||
| 300 | _a415 Pag | ||
| 001 | 10703 | ||
| 942 | _cBK | ||
| 999 |
_c40166 _d40166 |
||
| 336 |
_atexto _btxt _2rdacontent |
||
| 337 |
_2rdamedia _asin mediación _bn |
||
| 338 |
_2rdacarrier _avolumen _bnc |
||